Too valuable to lose : exploring the causes and cures of missionary attrition / editado por William D. Taylor (Registro nro. 43888)
[ vista simple ]
| 000 -LÍDER | |
|---|---|
| Campo fijo de descripción fija | 014730000a22002170004500 |
| 020 ## - NÚMERO INTERNACIONAL NORMALIZADO PARA LIBROS | |
| Número Internacional Normalizado del libro | 0-87808-277-8 : Donación |
| 041 0# - CÓDIGO DE IDIOMA | |
| Código de idioma para texto/pista de sonido o título separado | |
| 082 04 - NÚMERO DE CLASIFICACIÓN DECIMAL DEWEY | |
| Número de clasificación | G 266 T2381t |
| 001 - NÚMERO DE CONTROL | |
| Campo de control | 17224 |
| 245 10 - TÍTULO | |
| Título del Material | Too valuable to lose : exploring the causes and cures of missionary attrition / editado por William D. Taylor |
| 260 ## - PUBLICACIÓN, DISTRIBUCIÓN, ETC. (PIE DE IMPRENTA) | |
| Lugar de publicación, distribución, etc. | Pasadena, California : William Carey Library |
| 300 ## - DESCRIPCIÓN FÍSICA | |
| Extensión | 380 p. |
| 336 ## - CONTENT TYPE | |
| Content type term | texto |
| Content type code | txt |
| Source | rdacontent |
| 337 ## - MEDIA TYPE | |
| Source | rdamedia |
| Media type term | sin mediación |
| Media type code | n |
| 338 ## - CARRIER TYPE | |
| Source | rdacarrier |
| Carrier type term | volumen |
| Carrier type code | nc |
| 505 00 - NOTA DE CONTENIDO | |
| Nota de contenido con formato preestablecido | Las ponencias que hacen la fundación (EU, Guatemala, Australia) -- el análisis de la investigación (EU, Argentina, Reino Unido, Alemania) -- estudios nacionales (Corea, EU, Brasil, Reino Unido, Ghana) -- el proceso de elegir (Brasil, EU) -- capacitación ante-campo formal y no-formal (Brasil, Australia) -- la investigación de antecedentes y la orientación de las agencias misiones (Ghana, EU) -- la capacitación y la supervisión en el campo (Corea, EU, Filipinas) -- el cuidado pastoral del misionero (Singapur, EU, Reino Unido) -- observaciones y resultados finales (EU) -- instrumento para encuestar |
| 650 14 - ASIENTO SECUNDARIO DE MATERIA - TERMINO TEMÁTICO | |
| Término temático o nombre geográfico como elemento de entrada | MISIONES \ MISIONEROS |
| 942 ## - TIPO DE MATERIAL (KOHA) | |
| Tipo de Item KOHA | Libros General |
| Estado de Material | Estado de Perdido | Estado de Dañado | No para Préstamo | Colección | Tomo | Biblioteca de Origen | Biblioteca Permanente | Fecha de Adquisición | Total de Préstamos | Signatura Topográfica | Código de Barras | Última vez visto | Ejemplar/Existencia | Fecha de Remplazo | Tipo de Material |
|---|---|---|---|---|---|---|---|---|---|---|---|---|---|---|---|
| Colección General | Biblioteca FUSBC | Biblioteca FUSBC | 14/07/2011 | G 266 T2381t | 17318 | 12/12/2019 | 1 | 26/01/2016 | Libros General |
